000 00230cam a2200109ua 4500
082 _a631.587
_bMIC/IR
100 _aMichael, A.M.
245 _aIrrigation Theory and practice
300 _a ; .
504 _a
999 _c11813
_d11813